00428nam a2200181Ia 4500008004100000020001800041050001400059100002200073245002400095245002500119260001500144260001800159260000900177300001500186300002700201300001000228500000800238170918s9999 xx 000 0 und d a9780140566511 bB455 1953 aBemelmans, Ludwig aMadeline's rescue / cby Ludwig Bemelmans. aNew York : bPuffin Books, c1953 a56 pages : bcolored illustration ; c30cm. a460